000 00994nam0a2200325 4500
001 RU\NLR\bibl\327539
005 20250621144045.0
010 _a5-875341-25-5
_bВ пер.
_9500
021 _aRU
_b2002-35463
_91727
035 _a(NLR Aleph) 000322530
090 _a106312
_c106312
100 _a20021016d2002 |||y0rusy50 ca
101 1 _arus
_ceng
102 _aRU
105 _aa |||||||||
200 1 _aТайные сомнения
_e[Стихи]
_fЕвгений Табах
_gХудож. Андрей Мунц
210 _aМ.
_cAcademia
_cРандеву-АМ
_d2002
215 _a143 с.
_cил.
_d15
675 _a821.161.1-1Табах
_v3
_zrus
686 _a17.82
_2rugasnti
686 _a84(Рос-Рус)6-5
_2rubbk
686 _aШ6(2=Р)6-5
700 1 _aТабах
_bЕ.
_gЕвгений
_4070
801 0 _aRU
_bRKP
_c20021016
_gPSBO
801 1 _aRU
_bRKP
_c20021016
801 2 _aRU
_bNLR
_c20021203
_grcr
942 _cBOOK
980 _aNB